Normal view
MARC view
- Lancaster, M.J Hong, Jia-Shen G
Entry Personal Name
001 - CONTROL NUMBER
- control field: 58254
003 - CONTROL NUMBER IDENTIFIER
- control field: NUST
005 - DATE AND TIME OF LATEST TRANSACTION
- control field: 20210628202108.0
008 - FIXED-LENGTH DATA ELEMENTS
- fixed length control field: 210628|| aca||aabn | a|a d
040 ## - CATALOGING SOURCE
- Original cataloging agency: NUST
- Transcribing agency: NUST
100 ## - HEADING--PERSONAL NAME
- Personal name: Lancaster, M.J Hong, Jia-Shen G
670 ## - SOURCE DATA FOUND
- Source citation: Work cat.: (NUST): Lancaster, M.J Hong, Jia-Shen G, Microstrip filters for rf-microwave applications, 2001
